000 01519nam a2200361 c 4500
003 BLK
005 20220201173548.0
008 180408b bul|||||r ||||||| ||bul||
010 _aKNG00084514000
020 _a978-954-8401-67-8
_bиздат.: Тракия-М
040 _aBLK
041 _aBUL
_cBUL
080 _aТуризмът от стопанско гледище. Политика по отношение на туризма. Икономика и организация на туризма. Вътрешен и международен туризъм. Вж и 379.8
_b338.48
_x
_z338.48
100 1 _aРибов, Манол Николов
_eпърви автор
_9368498
139 _aТуризмът в ерата на развлекателната индустрия
_bТ 92
245 1 0 _aТуризмът в ерата на развлекателната индустрия
_cМанол Николов Рибов.
257 _aBGR
260 София
_bТракия-М
_c2008
300 _a460 с.
_bс табл.
_c26 см
380 _a3
500 _aБиблиогр. с. 457 и под линия.
504 _a457
590 _aф
650 4 _aТуризъм - икономика и организация
_9263794
653 _aтуризъм
653 _aреимаджинейшън
653 _aкултурен туризъм
852 _aЦб ІІ 15280
856 4 _qpdf
_u
856 4 _qpdf
_u
942 _cKNG
_n0
_02
944 _aCR
_c17.07.2008
_kМилена_Ачева
944 _aED
_c18.12.2008
_k
999 _c80030
_d80030